Catálogo

LAS RELACIONES INDUSTRIALES Y EL ORDEN SOCIAL (Registro nro. 2598)

Detalles MARC
000 -LEADER
fixed length control field 00531nam a2200181 a 4500
001 - CONTROL NUMBER
control field 2598
005 - DATE AND TIME OF LATEST TRANSACTION
control field 20180713182553.0
008 - FIXED-LENGTH DATA ELEMENTS--GENERAL INFORMATION
fixed length control field 140415s1954 000 0 spa d
041 ## - LANGUAGE CODE
Language code of text/sound track or separate title spa
082 ## - DEWEY DECIMAL CLASSIFICATION NUMBER
Classification number 331.04
Item number MOO
100 1# - MAIN ENTRY--PERSONAL NAME
Personal name MOORE, WILBERT E.
245 14 - TITLE STATEMENT
Title LAS RELACIONES INDUSTRIALES Y EL ORDEN SOCIAL
260 ## - PUBLICATION, DISTRIBUTION, ETC.
Place of publication, distribution, etc. [s.l.] :
Name of publisher, distributor, etc. FONDO DE CULTURA ECONOMICA,
Date of publication, distribution, etc. 1954
300 ## - PHYSICAL DESCRIPTION
Extent 589
490 ## - SERIES STATEMENT
Series statement SECCION DE OBRAS DE SOCIOLOGIA
650 14 - SUBJECT ADDED ENTRY--TOPICAL TERM
Topical term or geographic name entry element RELACIONES INDUSTRIALES
700 1# - ADDED ENTRY--PERSONAL NAME
Personal name MONTEFORTE TOLEDO, MARIO
Relator term tr.
Existencias
Withdrawn status Lost status Source of classification or shelving scheme Damaged status Not for loan Collection code Home library Current library Shelving location Date acquired Source of acquisition Inventory number Total Checkouts Full call number Barcode Date last seen Price effective from Koha item type
    Dewey Decimal Classification     General Biblioteca Karol Wojtyla Biblioteca Karol Wojtyla Sala general 03/12/2013 Compra 151000000000000000049440   331.04 MOO 13445 05/01/2026 03/12/2013 Libro